It Can Only Be 'M&B' Quiz Stats

 Plays Quiz Updated Sep 22, 2015

Challenge
Share
Tweet
Embed
Score 0/18 Timer 04:00
2 Plays Today
Clue Word % Correct
Disney fawnBambi
94.8%
An explosive deviceBomb
93.6%
Largest city in IndiaMumbai
84.4%
Betty and Barney Rubble's sonBamm Bamm
81.2%
Only president not born in The Lower 48Obama
79.2%
Venomous African snakeMamba
78.8%
Airheaded girlBimbo
73.2%
Period of prosperityBoom
72.2%
Name in a Herman Melville titleMoby
65.1%
Clue Word % Correct
Timber used to support a roofBeam
65%
Lively Latin American danceMambo
64.1%
To drink alcoholImbibe
62%
Nickname of the Crimson Tide universityBama
58.5%
Amorphous protozoanAmoeba
56.9%
The giant variety of this is the largest grassBamboo
50%
Down and outerBum
44.3%
Queen of the FairiesMab
23.9%
Inspire feelingsImbue
14.7%

You're not logged in!

Compare scores with friends on all Sporcle quizzes.
Join for Free
OR
Log In

You Might Also Like...

Show Comments

Extras

Top Quizzes Today


Score Distribution

Your Account Isn't Verified!

In order to create a playlist on Sporcle, you need to verify the email address you used during registration. Go to your Sporcle Settings to finish the process.

Report this User

Report this user for behavior that violates our Community Guidelines.

Details: